7. mezinárodní kolokvium o cestovním ruchu sborník příspěvků : Pavlov, 8. - 9. září 2016

Gespeichert in:
Bibliographische Detailangaben
Körperschaften: Mezinárodní kolokvium o cestovním ruchu, Ekonomicko-správní fakulta Masarykovy university. Katedra regionální ekonomie a správy, Společnost vědeckých expertů cestovního ruchu (SVECR), z.s
Weitere Verfasser: Holešinská, Andrea
Format: Buch
Sprache:Tschechisch
Veröffentlicht: Brno Masarykova univerzita 2016
Ausgabe:1. vydání
Schlagworte:
Tags: Tag hinzufügen
Keine Tags, Fügen Sie das erste Tag hinzu!

MARC

LEADER 00000nlm a2200000 4500
001 0240611
005 20220830092235.7
020 |a 978-80-210-8527-5 
041 0 |a cze 
044 |a CZ 
245 1 0 |a 7. mezinárodní kolokvium o cestovním ruchu  |b sborník příspěvků : Pavlov, 8. - 9. září 2016  |c editorka: Andrea Holešinská 
250 |a 1. vydání 
264 1 |a Brno  |b Masarykova univerzita  |c 2016 
300 |a CD-ROM [59 s.] 
610 2 0 |a ruch cestovný 
610 2 0 |a manažment destinačný 
610 2 0 |a hotelierstvo 
610 2 0 |a zamestnanosť 
610 2 0 |a gastronómia 
700 1 |a Holešinská, Andrea 
110 2 |a Mezinárodní kolokvium o cestovním ruchu 
710 2 |a Ekonomicko-správní fakulta Masarykovy university. Katedra regionální ekonomie a správy 
710 2 |a Společnost vědeckých expertů cestovního ruchu (SVECR), z.s.